Three on trial ; an experiment in biography /

Bibliographic Details
Main Author: Kitchin, Laurence
Format: Book
Language:English
Published: London : Pall Mall Press, [1959]
Subjects:

MARC

Tag First Indicator Second Indicator Subfields
LEADER 00000cam a2200000 4500
001 in00000036646
005 20151007062151.0
008 750827s1959 enka 00000 eng d
035 |a (OCoLC)01576826 
035 |9 AAD4118AM 
040 |a NN  |c DZM  |d TXA  |d UtOrBLW 
049 |a TXAM  |c [314274] 
050 4 |a PR6021  |b .I75 1959 
092 |a 822  |b K62t 
100 1 |a Kitchin, Laurence. 
245 1 0 |a Three on trial ;  |b an experiment in biography /  |c with line drawings by Arthur Horner. 
264 1 |a London :  |b Pall Mall Press,  |c [1959] 
300 |a 180 pages :  |b illustrations 
336 |a text  |b txt  |2 rdacontent 
337 |a unmediated  |b n  |2 rdamedia 
338 |a volume  |b nc  |2 rdacarrier 
600 1 0 |a Byron, George Gordon Byron,  |c Baron,  |d 1788-1824  |x Drama. 
600 1 0 |a Bowdler, Thomas,  |d 1754-1825  |x Drama. 
600 1 0 |a Machiavelli, Niccolò,  |d 1469-1527  |x Drama. 
655 0 |a Radio plays. 
999 |a MARS 
999 f f |s 04471d06-0c70-3c6a-bb9a-8e61f0c5e613  |i e65a5770-1d45-325b-b1a5-0b4f7b380054  |t 0 
952 f f |p ric  |a Texas A&M University  |b Rellis Campus  |c Joint Library Facility  |d Remote Storage  |t 0  |e PR6021 .I75 1959  |h Library of Congress classification  |i unmediated -- volume  |m A14801297966 
998 f f |a PR6021 .I75 1959  |t 0  |l Remote Storage